00445nam a22001577a 450000500170000000800410001702000150005804100130007308200150008610000130010124500450011425000190015926000580017830000260023665000250026220231123144759.0231123b |||||||| |||| 00| 0 eng d a0862102650 aEnglish  a341.48 AMN lEnglish  aRefugees : Human Rights have no borders  aFirst Edition  aLondon : bAmnesty International Publications, c1997 b133 pages ; c24 cm.  aLegal practice bLaw